000 00315nam a22001337a 4500
041 _aENG
100 _aN.C.Patel
245 _aSustainable Management OF Water Resources
260 _aNew Delhi
_bHimanshu Pub
_c2005
300 _a348
650 _aSWCE
700 _aR .Subbaiah , P.M Chauhan
856 _uSWCE
999 _c3249
_d3249